Géopolitique de l'énergie (2) - MS - Statistiques

Statistiques générales
  • Ce quiz a été pris 49 fois
  • Le résultat moyen est 10 sur 40
Statistiques - réponses
Question Réponse % Correct
Cobalt : production and reserves 2023 Congo
92%
Rare Earth metals : production and reserves 2023 Chine
75%
Carbon dioxide : Emissions from energy 2023 Chine
50%
Primary energy : Consumption per capita 2023 Qatar
50%
Primary energy : consumption 2023 Chine
42%
Solar Generation - TWh 2023 Chine
42%
Platinum Group Metals : production and reserves 2023 Afrique du Sud
33%
Copper ( cuivre ) : production and reserves 2023 Chili
33%
Coal consumption - 2023 Chine
33%
Hydro Generation - TWh 2023 Chine
33%
Renewables Consumption - EJ 2023 Chine
33%
Solar Consumption - EJ 2023 Chine
33%
Nickel : production and reserves 2023 Indonésie
33%
Oil : Total Proved reserves 2020 ( thousand million barrels ) Venezuela
33%
Carbon Dioxide : equivalent Emissions from Energy, Process Emissions, Methane and Flaring 2023 Chine
25%
Gas - LNG imports Bcm 2023 Chine
25%
Coal imports 2023 Chine
25%
Gaz - proved reserves 2020 Russie
25%
Oil : production - barrels 2023 USA
25%
Liquids Consumption - Barrels 2023 USA
25%
Nuclear generation - TWh 2023 USA
25%
Nuclear Consumption - Ej 2023 USA
25%
Coal Production - mt 2023 Chine
17%
Electricity Generation - TWh 2023 Chine
17%
Oil Trade movements 2023 imports : Moyen-Orient (sans l'Arabie Saoudite)
17%
GNL : production - barrels 2023 USA
17%
Oil : Consumption - barrels 2023 USA
17%
Gas Consumption - Bcm 2023 USA
17%
Manganese : production and reserves 2023 Afrique du Sud
8%
Natural graphite : production and reserves 2023 Chine
8%
Wind generation - TWh 2023 Chine
8%
Wind consumption - EJ 2023 Chine
8%
Geo Biomass other - TWh 2023 Chine
8%
Capture capacity : 2023 USA
8%
Gas - LNG exports Bcm 2023 USA
8%
Coal - reserves 2023 USA
8%
Biofuels production - PJ 2023 USA
8%
Lithium : production and reserves 2023 Australie
0%
Hydro Consumption - Ej 2023 Chine
0%
Biofuels consumption - PJ 2023 USA
0%
Aucun quiz correspondant
Distribution des résultats
% des personnes avec chaque résultat
Percentile par nombre de réponses
Votre historique - résultats
Vous n’avez pas pris ce quiz